000 00881nam a22002057a 4500
999 _c17986
_d17986
003 BDDh-ASL
005 20231015025651.0
008 200916b1981 ||||| |||| 00| 0 d
040 _aBDDh-ASL
_cBDDh-ASL
_dBDDh-ASL
041 _abengali
082 _a297.1
_bAZG
100 _9806
_aআজাদ, আবুল কালাম
245 0 _aগন্তব্যের রাজপথ/
_cআবুল কালাম আজাদ; আখতার ফারূখ (অনু.)।
246 _aGontobber Rajpoth.
260 _aঢাকা:
_bদেওয়ান আবদুল কাদের,
_c১৯৮১।
300 _a১৩৪ পৃষ্ঠা:
_c২১ সে. মি.।
650 0 _9798
_aইসলামিক সমাজ ব্যবস্থা
_xইসলাম ধর্ম
700 0 _9815
_aফারূক, আখতার
942 _2ddc
_cBK